| 000 | 00587nam a2200193Ia 4500 | ||
|---|---|---|---|
| 003 | IN-BaIIA | ||
| 008 | 211028s9999 xx 000 0 eng d | ||
| 020 | _a0-224-06161-5 | ||
| 040 | _cIIA Library | ||
| 080 |
_a82-3 _bRUS |
||
| 100 |
_aRushdie, S. _929760 |
||
| 245 | 0 |
_aShalimar the clown _ba novel _cS. Rushdie |
|
| 260 |
_aLondon _bPenguin Books _c2005 |
||
| 300 | _a398p. | ||
| 650 |
_aAmbassador- Fiction _929761 |
||
| 650 |
_aAssassination-California-Los Angels-Fiction _929762 |
||
| 650 |
_aAssassins-Fiction _929763 |
||
| 942 | _cBK | ||
| 999 |
_c16090 _d16090 |
||